[Event "XVIII Najdorf Open 2018"]
[Site "Warsaw"]
[Date "2018.07.14"]
[Round "7"]
[White "Pacan Milej, Kosma"]
[Black "Murdzia, Piotr"]
[Result "1-0"]
[WhiteElo "2282"]
[BlackElo "2410"]
[Annotator "TA"]
[PlyCount "87"]
[EventDate "2018.07.08"]
[EventCountry "POL"]
[SourceTitle "playchess.com"]
[Source "ChessBase"]
[SourceQuality "1"]

{[%evp 25,87,21,12,8,3,0,0,-1,0,0,0,0,0,0,0,0,10,0,47,0,5,25,34,34,34,33,36,38,44,45,112,40,111,34,56,43,63,49,94,58,57,10,60,62,86,81,74,87,175,157,169,185,419,416,786,766,818,809,823,810,929,918,1186,1147]} 1. e4 e5 2. Nf3 Nc6 3. Nc3 Nf6 4. d4 exd4 5. Nxd4 Bb4 6. Nxc6 bxc6 7. Bd3 O-O 8. O-O d5 9. exd5 cxd5 10. h3 {C47: Scotch Four Knights and Four Knights with 4 g3} (10. Bg5 c6 11. Qf3 Bd6 12. Rae1 Rb8 13. Nd1 h6 14. Bxf6 Qxf6 15. Qxf6 gxf6 16. b3 Be6 17. Ne3 Bb4 18. Rd1 Rfe8 19. Nf5 Bxf5 20. Bxf5 Re5 21. f4 {½-½ (30) Wei,Y (2734)-Yu,Y (2759) Hangzhou 2018}) 10... c6 11. Qf3 Bd6 12. Bf4 Rb8 13. b3 Be6 {LiveBook: 19 Games} 14. Bxd6 Qxd6 15. Qg3 Qxg3 16. fxg3 Rfe8 $146 ({Predecessor:} 16... c5 17. Rad1 Rfc8 {0-1 (44) Meissner,F (2298)-Van Wessel,R (2398) Netherlands 2016}) 17. g4 h6 18. Na4 Nd7 19. Rad1 Kf8 20. Rf4 Ke7 21. Ba6 c5 22. c4 d4 23. Bb5 {Threatens to win with Bxd7.} Rec8 24. Re1 Nf8 25. Nb2 Rb6 26. Nd3 a6 27. Ba4 Ng6 (27... Rb7 $14) 28. Rfe4 (28. Rf5 $1 $16) 28... Rd6 (28... a5 $14) 29. g3 ({Better is} 29. Rf1 $16) 29... Rdd8 30. h4 {[%cal Bh3h4,Bh4h5][%mdl 32]} Rc7 31. Kf2 Kd6 32. h5 Nf8 $1 33. Re5 Nh7 34. b4 {[%cal Rb4c5]} cxb4 35. c5+ Ke7 {[#]} 36. Nf4 $1 $36 {[%cal Re5e6][%mdl 2048] Keeping Black busy.} ({Much weaker is} 36. Nxb4 Nf6 $17) 36... Nf6 (36... Nf8 $16) 37. Rxe6+ $18 fxe6 38. Nxe6 Nxg4+ $2 {[#]} (38... Rcc8) 39. Kf3 $1 Ne3 (39... Rxc5 $142 40. Nxc5+ Ne3 41. Nxa6 Ra8) 40. Nxc7 {White is clearly winning.} Kf6 41. Nxa6 Ra8 42. Bb5 Ke5 43. Nxb4 Ra3 44. Nc2 {Precision: White = 59%, Black = 32%.} 1-0

[Event "XVIII Najdorf Open 2018"]
[Site "Warsaw"]
[Date "2018.07.14"]
[Round "7"]
[White "Gurvich, Vitaly"]
[Black "Rakesh, Kumar Jena"]
[Result "0-1"]
[WhiteElo "2274"]
[BlackElo "2385"]
[Annotator "NA"]
[PlyCount "66"]
[EventDate "2018.07.08"]
[EventCountry "POL"]
[SourceTitle "playchess.com"]
[Source "ChessBase"]
[SourceQuality "1"]

1. d4 e6 2. c4 b6 3. a3 Bb7 4. Nc3 Nf6 5. Nf3 d5 6. Bg5 Be7 7. e3 O-O 8. Be2 h6 9. Bh4 Nbd7 10. O-O Ne4 11. Bxe7 Qxe7 12. Rc1 c5 13. cxd5 exd5 14. dxc5 Nxc3 15. Rxc3 bxc5 16. Qc2 Rac8 17. Qd1 Rfd8 18. Bd3 Qf6 19. Qe2 Nf8 20. Rfc1 Ne6 21. Bb1 Re8 22. Qc2 g6 23. Qd2 Rcd8 24. h3 d4 25. exd4 Nf4 26. Re3 cxd4 27. Rxe8+ Rxe8 28. Re1 Rxe1+ 29. Nxe1 Nxg2 30. Nd3 Nh4 31. Qe2 Qg5+ 32. Kf1 Qg2+ 33. Ke1 Qg1+ 0-1

[Event "XVIII Najdorf Open 2018"]
[Site "Warsaw"]
[Date "2018.07.14"]
[Round "7"]
[White "Baum, Jonasz"]
[Black "Nurkiewicz, Maciej"]
[Result "1/2-1/2"]
[WhiteElo "2272"]
[BlackElo "2368"]
[Annotator "NA"]
[PlyCount "96"]
[EventDate "2018.07.08"]
[EventCountry "POL"]
[SourceTitle "playchess.com"]
[Source "ChessBase"]
[SourceQuality "1"]

1. e4 e6 2. d4 d5 3. e5 c5 4. c3 Nc6 5. Nf3 Qb6 6. Na3 Nh6 {C02: French: Advance Variation} (6... cxd4 7. cxd4 Bd7 8. Nc2 Rc8 9. Be2 Nb4 10. Ne3 Bb5 11. O-O Bxe2 12. Qxe2 Nc6 13. b3 Bb4 14. Bb2 Qa6 15. Qxa6 bxa6 16. Rfc1 {½-½ (27) Tukhaev,A (2575)-Atalik,S (2545) Mumbai 2018}) 7. Nc2 Be7 8. Bd3 Nf5 9. O-O $146 ({Predecessor:} 9. h4 cxd4 10. cxd4 Nb4 11. Nxb4 Bxb4+ 12. Kf1 Bd7 13. g4 Nxd4 14. Be3 Bc5 {0-1 (40) Brennenstuhl,O (2048)-Kramer,C (1969) Baden 2011}) 9... cxd4 10. Bxf5 exf5 11. Ncxd4 O-O 12. Qc2 g6 13. Be3 Qc7 14. Rfe1 Be6 15. Rad1 Rfe8 16. Qc1 Nxe5 17. Nxe5 Qxe5 18. Bf4 Qf6 19. Be5 Qg5 20. Bf4 Qf6 21. Be5 Qg5 22. Bf4 Qf6 23. Nf3 Bf8 24. Be5 Qd8 25. Bd4 f6 26. Re2 Bf7 27. Rxe8 Bxe8 28. Qf4 Bf7 29. Re1 a6 30. h4 Rc8 31. h5 Rc6 32. hxg6 hxg6 33. Qg3 Qd6 34. Qh4 Bg7 35. b4 b6 36. a4 Rc8 37. Qh2 Qxh2+ 38. Kxh2 Be8 39. Re6 Bxa4 40. Rxb6 Bb5 41. Rd6 Kf7 42. Nd2 f4 43. Rxd5 $15 (43. Nb3 $11) 43... Bf8 44. Ne4 Bc6 45. Nd6+ Ke6 46. Nxc8 Bxd5 47. Nb6 Bb3 48. Kg1 Bd6 1/2-1/2

[Event "XVIII Najdorf Open 2018"]
[Site "Warsaw"]
[Date "2018.07.14"]
[Round "7"]
[White "Wyczling, Bartosz"]
[Black "Rozentalis, Eduardas"]
[Result "0-1"]
[WhiteElo "2262"]
[BlackElo "2513"]
[Annotator "TA"]
[PlyCount "94"]
[EventDate "2018.07.08"]
[EventCountry "POL"]
[SourceTitle "playchess.com"]
[Source "ChessBase"]
[SourceQuality "1"]

{[%evp 22,94,45,34,49,43,43,37,41,27,43,40,50,0,27,18,53,25,26,10,20,8,18,0,9,-5,11,0,4,6,4,2,11,4,8,8,12,0,8,0,0,0,0,0,0,0,0,0,6,-27,-31,-140,-141,-201,-198,-202,-191,-254,-260,-321,-320,-543,-556,-588,-519,-572,-564,-1509,-1420,-8684,-8645,-7069,-5516,-7691,-8226]} 1. d4 e6 2. c4 Nf6 3. Nc3 Bb4 4. Qc2 d5 5. cxd5 exd5 6. Bg5 h6 7. Bh4 c5 8. dxc5 {E35: Nimzoindisch (4.Dc2)} O-O (8... g5 9. Bg3 Ne4 10. e3 Qa5 11. Rc1 Nc6 12. Bd3 Nxg3 13. hxg3 d4 14. exd4 Nxd4 15. Qd1 Bxc5 16. Nf3 Bg4 17. Kf1 Nxf3 18. gxf3 {0-1 (55) Vallejo Pons,F (2707)-So,W (2780) Leon 2018}) 9. e3 Be6 10. Bd3 Nbd7 11. a3 Bxc5 12. Nf3 {LiveBook: 8 Partien} Be7 13. O-O Rc8 {[#]} 14. Rad1 $146 ({Vorgänger:} 14. Nd4 Nc5 {0-1 (40) Gordon,S (2516)-Movsesian,S (2677) Caleta 2014}) 14... a6 15. Bf5 b5 16. Nd4 Qb6 17. Qb1 Rfe8 (17... Bxa3 $5 18. Ncxb5 (18. bxa3 Rxc3 19. Qb2 Rfc8 $15) 18... Bb4 $11) 18. Nce2 Bf8 19. Rc1 Bxf5 20. Qxf5 {[#] Droht Txc8 und aus.} Rc4 21. Bxf6 Nxf6 22. Nf4 Qc7 23. Rcd1 Rd8 24. h4 (24. g3 {seems wilder.} Bd6 25. b3 Rc5 26. Nfe2 Qb7 27. Rc1) 24... Qc8 25. Qxc8 Rdxc8 26. Rd3 h5 27. Rfd1 g6 28. Kf1 Rc1 29. Nfe2 Rxd1+ 30. Rxd1 Bd6 31. Rc1 Rc4 32. Rc2 Ne4 33. Ke1 Kf8 34. f3 Ng3 35. Rxc4 (35. Nc3 {looks sharper.} Nf5 36. Nxf5 gxf5 37. Kd2 Ke8 38. Nxd5 Rxh4 39. Kd3) 35... dxc4 36. Kf2 ({Lieber} 36. Nc3 $15) 36... Nxe2 $17 37. Nxe2 {[%mdl 4096] Endspiel KL-KS} (37. Kxe2 $17 {war angesagt.} Bg3 38. a4) 37... Be5 $19 38. Nc3 Ke7 39. Nd1 (39. Ke2 $142) 39... Kd6 40. f4 Bf6 41. g3 $2 (41. Kf3 {war einen Versuch wert.} Bxh4 42. e4) 41... Kc5 {Schwarz steht klar auf Gewinn.} 42. e4 {Jetzt e5 und Weiss darf weiter klammern.} Bd4+ 43. Ke2 b4 44. Kd2 {[#]} Bxb2 $1 {[%mdl 512]} 45. Nxb2 c3+ 46. Kc2 cxb2 47. axb4+ Kxb4 {Precision: Weiß = 28%, Schwarz = 67%.} 0-1

[Event "XVIII Najdorf Open 2018"]
[Site "Warsaw"]
[Date "2018.07.14"]
[Round "7"]
[White "Zochowski, Kacper"]
[Black "Chylewski, Patryk"]
[Result "1-0"]
[WhiteElo "2250"]
[BlackElo "2335"]
[Annotator "NA"]
[PlyCount "97"]
[EventDate "2018.07.08"]
[EventCountry "POL"]
[SourceTitle "playchess.com"]
[Source "ChessBase"]
[SourceQuality "1"]

1. Nf3 d5 2. c4 e6 3. g3 Nf6 4. Bg2 dxc4 5. Qa4+ Nbd7 6. O-O a6 7. Qxc4 b5 8. Qc2 Bb7 9. a4 c5 10. d3 Bd6 {A13: English Opening: 1...e6} (10... Be7 11. Na3 Qb6 12. e4 O-O 13. b3 Ng4 14. Bb2 Bf6 15. h3 Bxb2 16. Qxb2 Ngf6 17. axb5 axb5 18. b4 cxb4 19. Qxb4 {1-0 (37) Fridman,D (2633)-Ladva,O (2522) Katowice 2017}) 11. Nc3 b4 12. Nb1 a5 $146 ({Predecessor:} 12... Rc8 13. Nbd2 O-O 14. b3 Qe7 15. Bb2 Rfd8 16. Nc4 Bc7 17. Rad1 Nb6 18. Na5 Ba8 19. Ne5 {½-½ (19) Vasiliev,I (2300)-Veingold,A (2475) Tallinn 1998}) 13. Nbd2 Nb6 14. b3 Qe7 15. Bb2 O-O 16. Ne1 Rfc8 17. Bxb7 Qxb7 18. Bxf6 gxf6 19. Nc4 Be5 20. Nxb6 Qxb6 21. Rd1 f5 22. Nf3 Bc3 23. Nd2 Qc6 24. Nc4 Ra6 25. f4 Rd8 26. Rf3 Raa8 27. Rc1 Ra7 28. Qd1 Qc7 29. Qf1 Qe7 30. Qg2 Kh8 31. Rff1 Qd7 32. Qf3 Qd4+ 33. Kh1 Qd5 34. Rcd1 Qxf3+ 35. Rxf3 Kg7 36. Kg2 Bf6 37. Rff1 Kg6 38. Kf3 Kg7 39. Rc1 Rd4 40. Ne3 Be7 41. Rc4 Rd8 42. Rd1 Rdd7 43. h3 h5 44. Rg1 Bd6 $18 45. g4 hxg4+ 46. hxg4 fxg4+ 47. Nxg4 Kf8 48. Nf6 Rdc7 49. e4 1-0

[Event "XVIII Najdorf Open 2018"]
[Site "Warsaw"]
[Date "2018.07.14"]
[Round "7"]
[White "Dubinski, Mateusz"]
[Black "Thybo, Jesper Sondergaard"]
[Result "0-1"]
[WhiteElo "2245"]
[BlackElo "2497"]
[Annotator "TA"]
[PlyCount "86"]
[EventDate "2018.07.08"]
[EventCountry "POL"]
[SourceTitle "playchess.com"]
[Source "ChessBase"]
[SourceQuality "1"]

{[%evp 21,86,27,53,6,32,46,29,31,31,37,33,13,19,-115,27,14,30,-68,-78,-56,-68,-97,-45,-47,-55,-50,-68,-63,-71,-59,-47,-89,-94,-192,-74,-292,-260,-354,-355,-366,-302,-332,-192,-521,-511,-508,-476,-506,-504,-506,-502,-469,-461,-634,-635,-603,-602,-583,-447,-682,-679,-29982,-29983,-29983,-29984,-29984,-29985]} 1. d4 Nf6 2. g3 c5 3. d5 e6 4. c4 exd5 5. cxd5 d6 6. Nc3 g6 7. Bg2 Bg7 8. Nf3 O-O 9. O-O Re8 10. Bf4 h6 {A62: Modern Benoni: Fianchetto Variation without early ...Nbd7} (10... Bf5 11. Bg5 h6 12. Bxf6 Bxf6 13. Nd2 Bc8 14. Nc4 Bxc3 15. bxc3 b5 16. Nd2 Nd7 17. Re1 a5 18. Qc2 {½-½ (29) Tomashevsky,E (2702)-Svidler,P (2763) Palma de Mallorca 2017}) 11. Qc1 g5 {LiveBook: 9 Games} 12. Be3 Bf5 {The position is equal.} 13. h4 g4 14. Nd2 {And now Bf4 would win.} Rxe3 15. fxe3 {[%cal Bf2e3,Be3e4][%mdl 32]} Bg6 16. Nc4 Nbd7 $146 ({Predecessor:} 16... Qe7 17. e4 Nh5 18. Qe1 {0-1 (42) Berry,N (2283)-Ris,R (2419) England 2018}) 17. Qe1 (17. Nxd6 $11 Qb8 18. Nf5 Bxf5 19. Rxf5 Qxg3 20. Qe1 Qxe3+ 21. Qf2 Qxf2+ 22. Kxf2) 17... Qe7 (17... Nb6 $17 18. Nd2 Nh5) 18. e4 $1 $11 Nh5 {With the idea ...Nb6.} 19. e3 (19. Nb5 $11) 19... Ne5 $15 20. Nxe5 Bxe5 21. Rf4 Nxf4 (21... Qd7 $17) 22. exf4 Bd4+ 23. Kh2 Re8 24. Qe2 h5 25. Re1 a6 26. a4 {[#]} f5 $1 27. Rf1 (27. Qc2 $17) 27... Bh7 (27... fxe4 $19 {and Black stays clearly on top. White must now prevent ...e3.} 28. f5 Be5) 28. Qc4 $2 (28. e5 $17 {might work better.}) 28... fxe4 $19 29. f5 Be5 30. f6 Bxf6 {Threatens to win with ...Be5.} 31. Nxe4 Bxh4 ({Don't do} 31... Bxb2 32. Ng5) (31... Bxe4 $142 32. Bxe4 Kg7) 32. gxh4 $2 (32. Re1 {is tougher.}) 32... Bxe4 33. Bxe4 Qxe4 34. Qxe4 Rxe4 {[%mdl 4096] Endgame KR-KR} 35. Rf6 Rxa4 36. Rxd6 Rb4 37. Rh6 Rxb2+ 38. Kg3 c4 {[%cal Bc5c4,Bc4c3,Bc3c2][%mdl 32]} 39. Rxh5 b5 40. Kxg4 (40. Rg5+ $142 Kh7 41. Kxg4) 40... c3 41. Rh6 c2 {Black mates.} 42. Rc6 {[#]} Rb4+ $1 43. Kf5 Rc4 {Precision: White = 30%, Black = 58%.} 0-1

[Event "XVIII Najdorf Open 2018"]
[Site "Warsaw"]
[Date "2018.07.14"]
[Round "7"]
[White "Dzierzak, Radoslaw"]
[Black "Bartel, Michal"]
[Result "1-0"]
[WhiteElo "2244"]
[BlackElo "2349"]
[Annotator "NA"]
[PlyCount "81"]
[EventDate "2018.07.08"]
[EventCountry "POL"]
[SourceTitle "playchess.com"]
[Source "ChessBase"]
[SourceQuality "1"]

1. e4 e5 2. Nf3 Nc6 3. Bb5 a6 4. Ba4 Nf6 5. O-O Be7 6. Re1 b5 7. Bb3 d6 8. c3 O-O 9. h3 Na5 10. Bc2 c5 11. d4 Qc7 12. d5 Bd7 13. b3 Nb7 14. Nbd2 Ne8 15. Nf1 Nd8 16. g4 g6 17. Bh6 Ng7 18. Ng3 f6 19. Kh2 Nf7 20. Be3 c4 21. b4 a5 22. a4 axb4 23. cxb4 bxa4 24. Bxa4 Rfb8 25. Bxd7 Qxd7 26. Rxa8 Rxa8 27. Qc2 Qb5 28. Rb1 f5 29. gxf5 gxf5 30. exf5 Qxd5 31. Nd2 Rc8 32. b5 Nd8 33. Nde4 Ne8 34. Nh5 Qf7 35. f6 Qxh5 36. fxe7 Nb7 37. Qd2 Qf7 38. Ng5 Qxe7 39. Qd5+ Kh8 40. Nf7+ Kg7 41. Qxe5+ 1-0

[Event "XVIII Najdorf Open 2018"]
[Site "Warsaw"]
[Date "2018.07.14"]
[Round "7"]
[White "Polatel, Ali"]
[Black "Kosakowski, Jakub"]
[Result "1/2-1/2"]
[WhiteElo "2238"]
[BlackElo "2318"]
[Annotator "ChessBase"]
[PlyCount "156"]
[EventDate "2018.07.08"]
[EventCountry "POL"]
[SourceTitle "playchess.com"]
[Source "ChessBase"]
[SourceQuality "1"]

1. d4 Nf6 2. c4 e6 3. g3 Bb4+ 4. Bd2 a5 5. Bg2 O-O 6. e3 d5 7. Qc2 b6 8. Ne2 Ba6 9. b3 Nbd7 10. O-O Be7 11. Nbc3 Rc8 12. cxd5 exd5 13. Rfe1 c6 14. Rad1 Re8 15. Bc1 Bd6 16. Bb2 Qe7 17. Nf4 Bxf4 18. gxf4 Ne4 19. Na4 b5 20. Nc3 f5 21. Rc1 Kh8 22. f3 Nd6 23. Qf2 Qf7 24. Bf1 Bb7 25. Rcd1 Re6 26. Bd3 Rce8 27. Re2 R8e7 28. Rde1 Qe8 29. Nd1 Nf6 30. Ba3 b4 31. Bc1 h6 32. Nb2 Qh5 33. Na4 Re8 34. Nc5 R6e7 35. Rc2 Bc8 36. Be2 g5 37. Nd3 Bb7 38. fxg5 hxg5 39. Ne5 Rh7 40. Kh1 Rg8 41. Rg1 g4 42. e4 g3 43. Rxg3 Rxg3 44. Qxg3 Rg7 45. Qf4 Kg8 46. Qh6 dxe4 47. Qxh5 Nxh5 48. fxe4 c5 49. dxc5 Bxe4+ 50. Bf3 Bxc2 51. cxd6 Nf6 52. Bh6 Ra7 53. Bg5 Nd7 54. Be3 Ra6 55. Nxd7 Rxd6 56. Nb6 Rd3 57. Bd5+ Kg7 58. Bf4 Bb1 59. Bc4 Rd1+ 60. Kg2 Bxa2 61. Na4 Kg6 62. Nc5 Rb1 63. Be6 a4 64. bxa4 Bxe6 65. Nxe6 b3 66. Be5 b2 67. Kh3 Kf7 68. Ng5+ Ke7 69. Kh4 Rh1 70. Bxb2 Rxh2+ 71. Nh3 Rxb2 72. Kg5 Ra2 73. Kxf5 Rxa4 74. Nf4 Ra5+ 75. Ke4 Kd6 76. Nd3 Ra4+ 77. Kf5 Rd4 78. Nf4 Rxf4+ {Ke4 Ke5+} 1/2-1/2

[Event "XVIII Najdorf Open 2018"]
[Site "Warsaw"]
[Date "2018.07.14"]
[Round "7"]
[White "Kowalczyk, Rafal"]
[Black "Kowalski, Igor"]
[Result "1-0"]
[WhiteElo "2209"]
[BlackElo "2323"]
[Annotator "NA"]
[PlyCount "55"]
[EventDate "2018.07.08"]
[EventCountry "POL"]
[SourceTitle "playchess.com"]
[Source "ChessBase"]
[SourceQuality "1"]

1. e4 e6 2. d4 d5 3. Nd2 c5 4. exd5 Qxd5 5. Ngf3 cxd4 6. Nb3 Bb4+ 7. Bd2 Nc6 8. Bxb4 Nxb4 9. Nbxd4 Nf6 10. a3 Na6 11. g3 e5 12. Nb5 Qxd1+ 13. Rxd1 Bg4 14. Be2 O-O 15. h3 Bf5 16. c4 e4 17. Nfd4 Bd7 18. g4 Rfd8 19. b4 b6 20. O-O h5 21. f3 hxg4 22. hxg4 exf3 23. Bxf3 Rac8 24. g5 Ng4 25. Bd5 Be8 26. Rde1 Nc7 27. Nxc7 Rxc7 28. Rf4 1-0

[Event "XVIII Najdorf Open 2018"]
[Site "Warsaw"]
[Date "2018.07.14"]
[Round "7"]
[White "Czopor, Maciej"]
[Black "Siekanski, Janusz"]
[Result "1-0"]
[WhiteElo "2198"]
[BlackElo "2269"]
[Annotator "NA"]
[PlyCount "79"]
[EventDate "2018.07.08"]
[EventCountry "POL"]
[SourceTitle "playchess.com"]
[Source "ChessBase"]
[SourceQuality "1"]

1. e4 c5 2. Nf3 e6 3. d4 cxd4 4. Nxd4 Nf6 5. Nc3 d6 6. g4 Nc6 7. g5 Nd7 8. Be3 Be7 9. h4 O-O 10. Qh5 a6 11. O-O-O Nxd4 12. Bxd4 b5 13. Bd3 Ne5 14. f4 Nxd3+ 15. Rxd3 b4 16. Ne2 Qa5 17. Kb1 e5 18. Be3 Be6 19. b3 d5 20. Qf3 Rad8 21. Qf2 dxe4 22. Rxd8 Bxd8 23. f5 Bd5 24. h5 Qb5 25. f6 Bb6 26. Rd1 Bxe3 27. Qxe3 Be6 28. fxg7 Rc8 29. Ng3 Kxg7 30. h6+ Kf8 31. Qxe4 Qc6 32. Qxb4+ Kg8 33. Qd2 Kf8 34. Qb4+ Kg8 35. Rd2 Qf3 36. Qc5 f6 37. Qe7 Bf7 38. Rd8+ Rxd8 39. Qxd8+ Be8 40. Qxe8# {a5 Qf7+} 1-0

[Event "XVIII Najdorf Open 2018"]
[Site "Warsaw"]
[Date "2018.07.14"]
[Round "7"]
[White "Sliwicki, Damian"]
[Black "Ostrovskiy, Andrey"]
[Result "0-1"]
[WhiteElo "2193"]
[BlackElo "2431"]
[Annotator "TA"]
[PlyCount "88"]
[EventDate "2018.07.08"]
[EventCountry "POL"]
[SourceTitle "playchess.com"]
[Source "ChessBase"]
[SourceQuality "1"]

{[%evp 18,88,-103,-106,-101,-112,-103,-99,-105,-114,-66,-141,-144,-165,-149,-148,-150,-147,-132,-140,-133,-174,-174,-204,-161,-201,-194,-189,-179,-206,-189,-193,-121,-126,-109,-107,-110,-137,-143,-158,-152,-327,-325,-346,-339,-326,-319,-302,-319,-319,-319,-319,-319,-330,-319,-353,-353,-493,-474,-546,-497,-674,-672,-679,-658,-634,-603,-729,-687,-730,-730,-744,-731]} 1. e4 e5 2. Nf3 Nc6 3. d4 exd4 4. Bc4 Bc5 5. O-O d6 6. c3 Bg4 7. Qb3 Bxf3 8. Bxf7+ Kf8 9. Bxg8 Rxg8 10. gxf3 {LiveBook: 10 Games} Bb6 {C44: Ponziani Opening and Scotch Gambit} 11. Qe6 Qf6 12. Qxf6+ gxf6+ {Black is better.} 13. Kh1 Ne5 14. Bh6+ $146 (14. a4 $15 Nc6 15. Bf4) ({Predecessor:} 14. f4 Nd3 15. c4 Re8 16. f3 f5 17. Nd2 Kf7 18. a3 Rg7 19. exf5 Re2 20. Ne4 Rgg2 21. Rd1 Rxh2+ 22. Kg1 Reg2+ 23. Kf1 Rh1+ {0-1 (23) Zhu,H (2293)-Roussel Roozmon,T (2463) Montreal 2016}) 14... Kf7 $17 15. cxd4 Nxf3 16. Nd2 Nxd2 17. Bxd2 Bxd4 18. Rac1 Rac8 19. Rc4 c5 20. a4 Ke6 21. b3 Rg4 22. f3 Rg7 23. Bf4 Rcg8 {[#] ( -> ...Rg1+)} 24. Bg3 d5 ({Better is} 24... f5 $19 25. exf5+ Kxf5) 25. exd5+ Kxd5 26. Rd1 Ke6 27. b4 b6 28. bxc5 bxc5 29. Rcxd4 $2 (29. Rc2 $17 {might work better.}) 29... cxd4 $19 30. Rxd4 $17 {[%mdl 4096] Endgame KRR-KRB} Rd7 31. Re4+ Kf5 32. Rf4+ {[#]} Kg6 $1 33. Kg2 Rd2+ 34. Kh3 Rd5 35. Rg4+ Rg5 36. Rb4 Rc8 37. f4 Ra5 {Black is clearly winning.} 38. Kg4 h5+ 39. Kh4 Rc2 40. Rb8 Ra2 41. Rg8+ Kf7 42. Rh8 R2xa4 43. Kh3 Rb5 44. Bf2 a5 {Precision: White = 24%, Black = 82%.} 0-1

[Event "XVIII Najdorf Open 2018"]
[Site "Warsaw"]
[Date "2018.07.14"]
[Round "7"]
[White "Dwilewicz, Katarzyna"]
[Black "Walter, Szymon"]
[Result "1/2-1/2"]
[WhiteElo "2009"]
[BlackElo "2296"]
[Annotator "NA"]
[PlyCount "46"]
[EventDate "2018.07.08"]
[EventCountry "POL"]
[SourceTitle "playchess.com"]
[Source "ChessBase"]
[SourceQuality "1"]

1. d4 Nf6 2. c4 e6 3. g3 Bb4+ 4. Bd2 Qe7 5. Bg2 Nc6 6. Nf3 Bxd2+ 7. Nbxd2 d6 8. O-O O-O 9. e4 e5 10. d5 Nb8 11. b4 a5 12. a3 Na6 13. Rb1 c6 14. Qb3 Bd7 15. Rfc1 Rfc8 16. Ne1 cxd5 17. cxd5 axb4 18. axb4 Nc7 19. Nef3 Nb5 20. Bf1 Qd8 21. Qb2 g6 22. Kg2 Kg7 23. Bd3 h5 1/2-1/2